| 000 | 00388nam a2200157Ia 4500 | ||
|---|---|---|---|
| 008 | 151213s9999 xx 000 0 und d | ||
| 100 | _aD.F.Mulla | ||
| 245 |
_aMulla on the Transfer of Property Act _cD.F.Mulla |
||
| 250 | _a10th | ||
| 260 |
_aLabore _bLaw Publication Company _c1987 |
||
| 300 | _a3317 p. | ||
| 650 | _aLaw | ||
| 650 | _aLaw | ||
| 700 | _aD.F.Mulla | ||
| 999 |
_c2255 _d2255 |
||